000 01190nam a2200337 c 4500
003 BLK
005 20221213120136.0
008 180412b bul|||||r ||||||| ||bul||
010 _aKNG00007904000
020 _a954-427-184-8
_bиздат.: Abagar
040 _aBLK
041 _aFRE
_cFRE
080 _aФренски език
_b811.133.1
_x-318(038.1)
_z811.133.1-318(038.1)
100 1 _aDoncev, Donco Georgiev
_9251719
139 _aDoncev, Donco Georgiev
_bD 72
245 1 0 _aDictionnaire du francais en liberte
_bFr. argotique, populaire et familier
_cDonco Georgiev Doncev.
257 _aBGR
260 V. Tarnovo
_bAbagar
_c1995
300 _a304 с.
_c24 см
380 _a80
500 _aАвт. не е отбелязан на кор ; 2 000 тир.
650 4 _aФренски език - жаргон, социални и професионални диалекти - речници
_9251720
653 _aфренски език
653 _aжаргон
653 _aречници
852 _aЦб 183366
856 4 _qpdf
_u
856 4 _qpdf
_u
942 _cKNG
_n0
944 _aCR
_c15.01.2003
_kТеодора_Стоянова
944 _aED
_c11.11.2003
_k
999 _c6652
_d6652